000 00254pam a2200121 a 4500
020 _c
041 _h
100 _aDhaniel J.C. .,
_eAuthor .
245 _aPetronla
_hTextual Documents
260 _a[s.l]:
_bBomabay Na
300 _a342.
930 _a2165
999 _c248016
_d248016